त्राहिमाम / (Record no. 213100)

MARC details
000 -LEADER
fixed length control field 00883nam a22001937a 4500
005 - DATE AND TIME OF LATEST TRANSACTION
control field 20250822122855.0
010 ## - LCCN (DPL NO)
LC control number HIN-130270
020 ## - INTERNATIONAL STANDARD BOOK NUMBER
International Standard Book Number 9789357374978
Terms of availability 200.00
035 ## - SYSTEM CONTROL NUMBER
System control number HN-102616
037 ## - SOURCE OF ACQUISITION
Source of stock number/acquisition रविन्द्र ध्यानी
082 ## - DEWEY DECIMAL CLASSIFICATION NUMBER
Classification number
100 ## - MAIN ENTRY--PERSONAL NAME
Personal name ध्यानी, रविन्द्र
245 ## - TITLE STATEMENT
Title त्राहिमाम /
Statement of responsibility, etc रविन्द्र ध्यानी
250 ## - EDITION STATEMENT
Edition statement प्रथम
260 ## - PUBLICATION, DISTRIBUTION, ETC. (IMPRINT)
Place of publication, distribution, etc देहरादून
Name of publisher, distributor, etc रविन्द्र ध्यानी
Date of publication, distribution, etc 2022
270 ## - ADDRESS
Address एल- 91 एमडीडीए कालोनी, केदारपुरम, पो. डिफेन्स कालोनी
City देहरादून
Telephone number 9759715603
Electronic mail address dhyani.ravindra@gmail.com
300 ## - PHYSICAL DESCRIPTION
Extent 95पृ
Dimensions 21 सेमी (अजिल्द)
942 ## - ADDED ENTRY ELEMENTS (KOHA)
Institution code [OBSOLETE] DBAD
Item type Hindi Books
Source of classification or shelving scheme Dewey Decimal Classification
Classification part
Call number suffix धयानी
Holdings
Withdrawn status Lost status Not for loan Collection code Home library Current library Date acquired Source of acquisition Cost, normal purchase price Full call number Barcode Copy number Cost, replacement price Koha item type
      Fiction Sarojini Nagar Sarojini Nagar 22/08/2025 DBAD 200.00 उ धयानी HN-102616 1 200.00 Hindi Books

© Delhi Public Library
Hit Counter
free hit counter